Word Ladder: Piscatorial Product Quiz Stats

 Plays Quiz Updated Jul 27, 2012

Support Sporcle.
Go Orange.
Score 0/28 Timer 03:00
0 Plays Today
Hint Word % Correct
'John Tucker ___ Die'MUST
92.6%
✖ PETER PAN VILLAIN ✖✖ HOOK ✖
92%
Cinderella's big chanceBALL
91.9%
✖ YELLOW NUGGET ✖✖ GOLD ✖
91.6%
The majority ofMOST
88.8%
Twilight timeDUSK
87.2%
Sneeze producerDUST
86.5%
LankyTALL
86.1%
Well-behavedGOOD
85.7%
Sporting a chrome domeBALD
84.6%
BrashBOLD
84%
A device for storing mediaDISK
83.7%
ConverseTALK
82.9%
____ Williams Jr.HANK
82.7%
Hint Word % Correct
Emotional stateMOOD
78.6%
Gander commentHONK
78.6%
✖ PANZER OR SHERMAN ✖✖ TANK ✖
78.6%
✖ FOLLOW DISCREETLY ✖✖ TAIL ✖
77.8%
InconclusiveMOOT
74.5%
DirtSOIL
71%
Part of a place settingDISH
70.7%
Hard laborTOIL
69.1%
Extreme chutzpahGALL
61.8%
Actress O'Grady or Athlete DeversGAIL
61.4%
Peregrin and Paladin surnameTOOK
56%
✖ BRIG, CUTTER, OR SLOOP FEATURE ✖✖ SAIL ✖
54.8%
American metal rock band of 'Ænima'TOOL
52.9%
✖ COMMON BOND ✖✖ FISH ✖
36.7%

Today's Daily Dose

You're not logged in!

Compare scores with friends on all Sporcle quizzes.
OR
Log In

From the Vault

Find the Cards!

by Rackie

Still easier than 52 card pick-up.
Remove Ads.
Support Sporcle.
Get the best of Sporcle when you Go Orange. This ad-free experience offers more features, more stats, and more fun while also helping to support Sporcle. Thank you for becoming a member.

Show Comments

Extras

Top Quizzes Today


Score Distribution

Your Account Isn't Verified!

In order to create a playlist on Sporcle, you need to verify the email address you used during registration. Go to your Sporcle Settings to finish the process.

Report this User

Report this user for behavior that violates our Community Guidelines.

Details: